000 00576nam a2200193Ia 4500
001 22453
003 GE_BSU
008 181216s||||||||xx |||||||||||||| ||und||
040 _cGE_BSU
245 _aТурбизнес=Travel trade russia №2 Март 2018.
245 _cГл.ред. Софья Константинова
260 _aМосква
260 _c2018
300 _a60 стр. 29см. илл.
653 _aПериодика
653 _aТурбизнес=Travel trade russia №2 Март 2018.
653 _aპერიოდიკა
942 _cCR
999 _c55375
_d55375